01014nam a22002297a 4500999001700000005001700017008004100034040002700075041000800102044000700110090001500117100004400132245012700176260006200303300001700365502012400382650001900506650004300525700004600568942001300614952015700627 c20311d2031120180824161020.0180824b2003 ck |||||rm||| 00| 0 spa d aCO-BoIAVH cCO-BoIAVH  aspa ack aTE-b002141 aRestrepo Salazar, Edwin FernandoeAutor10aDiversidad genética del tomate cultivado tipo chonto, Lycopersicom esculentum Mill, en las zonas productoras de Colombia aPalmira, Valle:bUniversidad Nacional de Colombia,c2003. a90 páginas aTrabajo de grado para optar al título de magister en ciencias con énfasis en recursos fitogenéticos neotropicales 0aTomatexchonto 0aLicopersicon esculentum Millxcultivos1 aVallejo Cabrera, Franco Alirio.eDirector 2zcTESIS 00102z40708TESISaBogotabBogotad2018-08-24eInstitutog60000.00l0oTE-00214p043576r2018-08-24 00:00:00tEj. 1w2018-08-24xInstitucionalyTESIS